[Event "Moscow-chW 2019"]
[Site "Moscow"]
[Date "2019.03.30"]
[Round "1.9"]
[White "Korchagina, Alena"]
[Black "Kruglikova, Viktorija"]
[Result "1-0"]
[WhiteElo "2167"]
[BlackElo "1786"]
[Annotator "TA"]
[PlyCount "127"]
[EventDate "2019.03.30"]
[EventType "swiss"]
[EventCountry "RUS"]
[SourceTitle "playchess.com"]
[Source "ChessBase"]
[SourceQuality "1"]

{[%evp 13,127,19,10,-33,-14,-9,-3,-7,-5,-12,10,14,13,15,27,-11,-17,-22,35,36,43,22,24,13,24,9,12,2,10,-6,-5,-12,0,-14,-19,-32,-35,-54,-33,-57,0,0,0,0,54,0,103,96,145,129,182,188,139,95,107,61,89,64,159,91,92,92,128,95,100,85,100,93,93,93,110,93,138,89,138,100,134,134,350,235,220,181,170,123,125,86,125,111,258,264,308,43,43,43,50,51,95,95,95,103,103,95,94,10,2853,116,1674,116,116,116,886,116,116,8,29998,29999]} 1. Nf3 Nf6 2. c4 e6 3. Nc3 b6 4. g3 Bb7 5. Bg2 Be7 6. O-O O-O 7. Re1 d5 8. d4 {A17: English Opening: 1...Nf6 with ...Bb4} (8. cxd5 Nxd5 9. e4 Nxc3 10. bxc3 c5 11. d4 Re8 12. d5 exd5 13. exd5 Nd7 14. Nd2 Bf8 15. Rxe8 Qxe8 16. c4 b5 17. cxb5 Nb6 18. a4 Bxd5 19. Bxd5 Nxd5 {½-½ (68) Wei,Y (2742)-Eljanov,P (2703) Batumi 2018}) 8... dxc4 9. Qa4 c5 10. Rd1 {The position is equal.} Qe8 $146 ({Predecessor:} 10... Qc8 11. Qxc4 Rd8 12. Bg5 Nbd7 13. Qa4 h6 14. Bxf6 Nxf6 15. Rac1 Bc6 16. Qb3 {0-1 (52) Popovic,N (1574)-Sefeloge,M (1929) Frankfurt 2005}) 11. Qxc4 cxd4 12. Nxd4 Bxg2 13. Kxg2 Qc8 14. Qa4 Qb7+ 15. f3 Na6 (15... a6 $11) 16. Qc6 $14 Qxc6 17. Nxc6 Bc5 18. Na4 Nb4 19. Nxb4 Bxb4 20. Bg5 Rfc8 21. Bxf6 gxf6 22. Rd4 Be7 23. Nc3 f5 24. Rd3 Bf6 25. a4 Rc4 26. a5 {[#]} Bxc3 ({Black should try} 26... b5 $1 $15 {[%mdl 512]}) 27. bxc3 $15 {[%mdl 4096] Endgame KRR-KRR} b5 28. a6 Kf8 ({Better is} 28... Rac8 $11) 29. Ra5 (29. Rb1 $14) 29... Rc5 (29... Rb8 $11 {keeps the balance.}) 30. Rd7 $16 Ke8 31. Rb7 Rxc3 (31... Rc6 $16 {was worth a try.} 32. Raxb5 (32. Rbxb5 Rd8 $16) 32... Rxa6) 32. Raxb5 $18 Rc6 33. Ra5 Kf8 34. Kf2 Kg7 35. g4 f4 (35... fxg4 $14 36. fxg4 h6) 36. h4 (36. g5 $142 $1) 36... h6 $16 37. Rb4 Rb6 38. Rxf4 Rc8 39. Rfa4 Rc3 40. Ra3 Rc2 41. Ra2 Rc3 42. R5a3 Rcb3 43. Kg3 Kg6 44. Ra4 {Black must now prevent Rc2.} Rc3 45. h5+ Kg5 $2 (45... Kg7 $16 46. Rd2 Rc7) 46. Rd2 Rc7 47. Rd8 Kf6 48. Ra8 Rb2 49. e3 Rb3 50. Rg8 $1 Rxe3 (50... Rb2 $16) 51. Rf4+ $1 $18 Ke7 52. Rg7 $2 (52. Rh8 $1 $18) 52... Kf8 $14 53. Rh7 Ra3 54. Rxh6 Kg7 55. Rhf6 $1 {aiming for h6+.} Rxa6 56. h6+ Kg8 57. Rd4 Rb6 58. g5 (58. Rd8+ $1 $16 Kh7 59. g5) 58... a5 $2 {[%mdl 8192]} (58... Rb8 $11) 59. Rd8+ $1 $18 Kh7 {[#] intending ...Rb5.} 60. Ra8 $2 (60. Rf8 $1 $18 {[%cal Rf8f7]} Rb5 61. R8xf7+ Rxf7 62. Rxf7+ (62. g6+ Kg8 $16) 62... Kg8 63. Rg7+ Kh8 64. Kg4 Rb4+ 65. f4) 60... Rb5 $16 61. Kg4 Rb4+ $2 {[%mdl 8192] [#]} (61... Rb1 $16) 62. Kh5 $2 (62. f4 $1 $18 {and the rest is easy.} Rb1 63. Rf8 (63. Rxa5 Rg1+ 64. Kf3 Rgc1 $16) 63... Rg1+ 64. Kf3) 62... Rb5 63. Rf8 (63. f4 $16) 63... Rbb7 $2 {[%mdl 8192] [#]} (63... Rf5 $11 64. Rxf5 exf5) 64. R6xf7+ $1 {[%mdl 576] Remove Defender. Accuracy: White = 41%, Black = 40%.} 1-0

[Event "Moscow-chW 2019"]
[Site "Moscow"]
[Date "2019.03.30"]
[Round "1.10"]
[White "Zakharova, Oksana"]
[Black "Nur-Mukhametova, Alisa"]
[Result "0-1"]
[WhiteElo "1751"]
[BlackElo "2164"]
[Annotator "TA"]
[PlyCount "82"]
[EventDate "2019.03.30"]
[EventType "swiss"]
[EventCountry "RUS"]
[SourceTitle "playchess.com"]
[Source "ChessBase"]
[SourceQuality "1"]

{[%evp 14,82,0,3,20,18,22,20,21,16,45,33,30,31,38,38,28,41,47,47,87,44,67,16,25,13,80,39,82,-8,-3,-84,-89,-80,-2,-326,-320,-320,-306,-256,-152,-148,-44,-50,-46,-367,-358,-363,-364,-340,-367,-362,-368,-361,-346,-388,-366,-547,-547,-547,-547,-541,-535,-29977,-29978,-29978,-29979,-29981,-29982,-29975,-29976]} 1. c4 e5 2. Nc3 d6 3. g3 f5 4. Bg2 Nf6 5. Nf3 g6 6. O-O Bg7 7. Rb1 O-O 8. b4 {[%cal Bb2b4,Bb4b5][%mdl 32] LiveBook: 9 Games. A21: English Opening: 1...e5 2 Nc3} c6 9. Bb2 $146 ({Predecessor:} 9. d3 h6 10. b5 c5 11. Ne1 Nbd7 12. Nc2 Rf7 13. f4 exf4 14. gxf4 Nb6 15. a4 a5 16. bxa6 Rxa6 17. Ne3 {0-1 (44) Sichinava,R (2395)-Guliev,S (2486) Moscow 1999}) 9... Be6 10. d3 {The position is equal.} h6 11. b5 g5 12. Qa4 Qc7 13. Nd2 Nfd7 14. bxc6 bxc6 15. Ba3 e4 16. Rfc1 exd3 17. exd3 Nc5 18. Qc2 (18. Qd1 $14) 18... Nbd7 $11 19. Nb3 Rab8 (19... f4 $11) 20. Re1 {Hoping for Nxc5.} Bf7 21. Rbd1 (21. d4 $1 $16 {[%cal Rd4c5]} Nxb3 22. axb3) 21... Bh5 $36 {[%mdl 2048] White should prevent ...Nxb3. Black has good play.} 22. Ne2 (22. Rb1 $11 {remains equal.}) 22... Nxb3 $17 23. axb3 f4 (23... Ne5 $17) 24. Bh3 $2 {[%mdl 8192]} (24. gxf4 $11 {and White is okay.} Nc5 25. fxg5) 24... Ne5 $1 $19 {...Nf3+ is the strong threat.} 25. Nd4 Bxd1 26. Qxd1 fxg3 ({Black should try} 26... c5 $19 27. gxf4 Rxf4) 27. hxg3 $17 Qb6 (27... Qf7 $2 28. Be6 $18) (27... Rf6 $17 {Strongly threatening ...Qa5.} 28. Rf1 c5) 28. Nf5 $1 $15 Qa5 ({Don't play} 28... Qxb3 29. Bxd6 Qxd1 30. Rxd1 $14) ({Of course not} 28... g4 $6 29. Rxe5 $1 {[%mdl 512]} gxh3 30. Bxd6 $16) 29. Bxd6 $2 {[%mdl 8192] [#]} ({Only move:} 29. Rxe5 $1 $15 Bxe5 30. Bc1) 29... Qxe1+ $1 $19 {[%mdl 512]} 30. Qxe1 Nf3+ 31. Kf1 Nxe1 32. Bxb8 Rxb8 33. Kxe1 {[%mdl 4096] Endgame KRB-KBN} Kf8 ({Weaker is} 33... Rxb3 34. Bg2 $19) 34. Ke2 Rxb3 35. c5 (35. Bg2 $142 c5 36. Bc6) 35... a5 {[%cal Ba7a5,Ba5a4,Ba4a3,Ba3a2][%mdl 32]} 36. Nd6 a4 37. Nc4 a3 38. Nd2 Rb2 {Black mates.} 39. Be6 Bc3 40. Bc4 Rxd2+ 41. Ke3 a2 {Precision: White = 38%, Black = 52%.} 0-1

[Event "Moscow-chW 2019"]
[Site "Moscow"]
[Date "2019.03.30"]
[Round "1.11"]
[White "Zotova, Anastasia"]
[Black "Chagina, Ulyana"]
[Result "1-0"]
[WhiteElo "2148"]
[BlackElo "1739"]
[Annotator "TA"]
[PlyCount "65"]
[EventDate "2019.03.30"]
[EventType "swiss"]
[EventCountry "RUS"]
[SourceTitle "playchess.com"]
[Source "ChessBase"]
[SourceQuality "1"]

{[%evp 16,65,12,19,9,2,19,22,36,17,31,26,30,7,20,27,27,29,26,0,20,7,77,76,68,54,104,102,80,-212,102,109,143,146,152,166,160,151,154,135,153,154,268,270,828,828,898,876,29979,29980,29996,29997]} 1. e4 e6 2. d4 d5 3. Nc3 Nf6 4. e5 Nfd7 5. f4 c5 6. Nf3 Nc6 7. Be3 Be7 8. Qd2 a6 9. dxc5 Nxc5 {C11: French: Classical System: 4 e5 and 4 Bg5 dxe4} 10. Nd4 (10. O-O-O Qa5 11. Kb1 b5 12. Bd3 b4 13. Ne2 O-O 14. Bxc5 Qxc5 15. h4 a5 16. g4 Ba6 17. f5 {0-1 (31) Sethuraman,S (2665)-Werle,J (2541) Caleta 2019}) 10... Nxd4 11. Bxd4 b5 {The position is equal.} 12. a3 Bb7 13. Be2 Rc8 $146 ({Predecessor:} 13... O-O 14. O-O Rc8 15. Rad1 Qd7 16. Qe3 Qc6 17. Rd2 {0-1 (41) De Zwart,J (1979)-Cordes,H (2221) Vlissingen 2017}) 14. Rd1 Bh4+ 15. g3 Be7 16. Qe3 O-O 17. Rf1 Qd7 18. b4 $36 {[%mdl 2048] White has the initiative.} Na4 (18... Ne4 $11) 19. Nxa4 $16 bxa4 20. Bd3 f5 21. exf6 Bxf6 22. Kf2 $2 {[%mdl 8192] [#]} (22. c3 $16 {and life is bright.}) 22... Rce8 $2 ({Black should play} 22... e5 $1 $19 {[%cal Re5d4]} 23. Bc5 (23. Bxe5 $2 d4 $19) 23... exf4) 23. Kg1 Bc6 24. Bxa6 Bb5 25. Bxb5 Qxb5 26. Bc5 Rf7 27. Rfe1 {Threatens to win with Rxd5!} Qc6 28. Qd3 Bd8 (28... Be7 $16 {is a better defense.}) 29. c4 $18 {[%cal Rc4d5]} Bc7 $2 {[#]} (29... Rf5 30. cxd5 Rxd5) 30. cxd5 exd5 31. Qxd5 Rxe1+ 32. Rxe1 Qb5 33. Re7 {Accuracy: White = 56%, Black = 16%.} 1-0

[Event "Moscow-chW 2019"]
[Site "Moscow"]
[Date "2019.03.30"]
[Round "1.12"]
[White "Khachatryan, Nadezhda"]
[Black "Kanevskaya, Anna"]
[Result "0-1"]
[WhiteElo "1738"]
[BlackElo "2136"]
[Annotator "TA"]
[PlyCount "62"]
[EventDate "2019.03.30"]
[EventType "swiss"]
[EventCountry "RUS"]

{[%evp 15,62,27,27,24,57,55,69,61,75,57,69,69,65,47,87,35,82,74,110,98,114,78,89,73,95,79,180,155,168,159,184,179,155,72,88,87,126,114,270,0,0,-50,-63,-59,-49,-38,-21,-104,-102]} 1. e4 e5 2. Nf3 Nc6 3. Nc3 d6 4. d4 exd4 5. Nxd4 Nf6 6. Be2 Be7 7. O-O O-O 8. Be3 Re8 9. f4 {C41: Philidor Defence} Bf8 (9... Bd7 10. Bf3 Nxd4 11. Bxd4 Bc6 12. g4 h6 13. g5 hxg5 14. fxg5 Nd7 15. h4 Ne5 16. Bg2 Bf8 {1-0 (99) Sevian,S (2617)-Campora,D (2426) Lisbon 2018}) 10. Bf3 Nb8 $146 ({Predecessor:} 10... Bd7 11. Qd2 g6 12. Rae1 Bg7 13. Bf2 Nxd4 14. Bxd4 c5 15. Bxf6 Bxf6 {1-0 (47) Lee,Q (2277)-Chudinovskikh,A (2225) Marianske Lazne 2018}) 11. h3 {White is slightly better.} Nbd7 12. Nb3 a5 13. a4 c6 14. Qe2 Nb6 15. Rad1 ({White should try} 15. Nd2 $16) 15... Qc7 16. Nd4 Nfd7 17. b3 Nc5 18. Qf2 Nbd7 19. Bc1 Nf6 {[%cal Rc5e4]} 20. Rde1 Qb6 {[#]} (20... Be6 $16) 21. e5 $1 $18 {[%cal Re5f6]} Nfd7 22. exd6 Nf6 23. Rxe8 Nxe8 24. Re1 (24. Ba3 $142 {Strongly threatening Nxc6.} Bxd6 25. Nxc6 bxc6 26. Ne4 Nxa4 27. Nxd6 Nxd6 28. Bxd6 Qxf2+ 29. Kxf2) 24... Bd7 $16 25. Be3 {[#] Nxc6 is the strong threat.} Bxd6 26. Rd1 $36 {[%mdl 2048] Black must now prevent Nde2. Keeping Black busy.} Nf6 $2 (26... Bf8 $16 {was worth a try.}) 27. Nb1 $2 (27. Nxc6 $1 $18 Bf8 28. Ne5) 27... Qc7 $11 28. Ne2 Nce4 29. Bxe4 Nxe4 30. Qf3 Re8 31. Nd4 (31. Nd2 $11 {remains equal.} Nxd2 32. Rxd2) 31... Bc5 {Accuracy: White = 35%, Black = 35%.} 0-1

[Event "Moscow-chW 2019"]
[Site "Moscow"]
[Date "2019.03.30"]
[Round "1.13"]
[White "Gorovenko, Darya"]
[Black "Krupnova, Anna"]
[Result "1-0"]
[WhiteElo "2134"]
[BlackElo "1729"]
[Annotator "TA"]
[PlyCount "151"]
[EventDate "2019.03.30"]
[EventType "swiss"]
[EventCountry "RUS"]
[SourceTitle "playchess.com"]
[Source "ChessBase"]
[SourceQuality "1"]

{[%evp 24,151,11,0,35,0,9,7,24,-39,25,16,4,-19,-5,0,0,-29,44,51,16,23,24,39,135,0,0,0,0,0,0,-235,-238,-430,-444,-439,-438,-421,-260,-269,-268,-253,-275,-274,-266,-269,-259,-264,-267,-243,-243,-223,-184,-184,-182,-187,-174,-163,-156,-268,-279,-283,-270,-277,-268,-267,-256,-255,-233,-233,-238,-180,-130,-102,0,0,0,0,0,0,0,0,0,0,0,0,0,0,0,0,0,0,0,0,0,0,2,2,2,0,0,0,7265,1417,2590,1462,5341,12318,2011,12471,29974,29969,29980,29981,29982,29983,29983,29984,29984,29985,29985,29986,29986,29987,29987,29988,29988,29988,29991,29992]} 1. d4 Nf6 2. Nf3 e6 3. g3 d5 4. Bg2 Be7 5. O-O O-O 6. Nbd2 {[%cal Bb1d2,Bd2b3,Bb3d4,Bd4b5][%mdl 32]} c5 7. c4 Nc6 8. cxd5 exd5 9. dxc5 Bxc5 10. Nb3 Bb6 11. Nbd4 h6 {D30: Queen's Gambit Declined: Systems without Nc3} (11... Re8 12. b3 Bg4 13. Bb2 Ne4 14. Rc1 Rc8 15. Rc2 Qd6 16. a3 h5 17. b4 h4 18. Nxc6 Rxc6 19. Nd4 Rxc2 20. Qxc2 hxg3 21. hxg3 Nxg3 22. fxg3 Rxe2 {½-½ (29) Rakhmanov,A (2670)-Shimanov,A (2623) Sochi 2017}) 12. b3 Re8 13. Bb2 {LiveBook: 5 Games} Bd7 $146 {The position is equal.} ({Predecessor:} 13... Bg4) 14. Nb5 Bf5 15. Rc1 Rc8 16. Ba3 (16. e3 $11) 16... Re6 (16... Ne4 $15) 17. e3 $11 Bg4 18. Qd3 Ne4 {Strongly threatening ...Nxf2!} 19. Nbd4 Re8 20. Bb2 Qe7 ({Better is} 20... Nb4 $11 21. Rxc8 Nxd3 22. Rxd8 Rxd8) 21. Nxc6 $14 bxc6 22. Ne5 {[%mdl 64] Double Attack} Bf5 $1 {And now ...Nxg3! would win.} 23. Nxc6 Qd6 (23... Rxc6 $14 24. Rxc6 Nxg3 25. Qxd5 Nxf1 26. Kxf1 (26. Qxf5 $2 Nxe3 27. Qf3 Ng4 $19 {[%mdl 64] Back Rank}) 26... Qg5) 24. Bxe4 (24. Nd4 $16 Rxc1 25. Rxc1) 24... Bxe4 $11 25. Qb5 Qe6 26. Rfe1 ({Don't go for} 26. Ba3 $2 Qh3 $19) 26... Qf5 $36 {[%mdl 2048] White is under pressure.} 27. f4 $2 {[#]} ({Don't blunder} 27. Qb4 $2 Rxc6 $1 {[%mdl 512]} 28. Rxc6 Qf3 $19) (27. Qe2 $1 $11) 27... Bd3 $1 $19 {[%cal Rd3b5]} ({Stronger than} 27... Qh3 28. Qf1 $11) 28. Ne7+ $2 (28. Qb4 {was forced.} Rxe3 29. Qxb6 {[%mdl 64] Remove Defender} axb6 30. Rxe3) 28... Rxe7 29. Rxc8+ {[#]} Kh7 $1 30. Qb4 Rxe3 31. Rh8+ Kg6 {( -> ...Rxe1+)} 32. Qxb6+ axb6 33. Rxe3 {Rg8 is the strong threat.} Be4 34. Re8 Qh3 {[%csl Ge4][%cal Rh3g2]} 35. R8xe4 dxe4 36. Rxe4 {[%mdl 4096] Endgame KQ-KRB} Qf5 37. Re2 Qd3 {[%mdl 1024] Black has strong compensation.} 38. Kf2 f6 39. Bc1 Qd5 40. Be3 Qh1 41. Bxb6 (41. h4 $17 {was the only defense.}) 41... Qxh2+ 42. Kf3 Qh1+ 43. Kf2 Kf5 44. a4 Kg4 45. Re3 Qh2+ 46. Ke1 h5 47. a5 h4 48. gxh4 Qxh4+ (48... Qc2 $17 49. Re2 Qxb3 50. Rg2+ Kxh4 51. Rxg7 f5 52. Bf2+ Kh5 53. Rg5+ Kh6) 49. Kd2 $11 Qh2+ 50. Kc3 Qa2 51. Re4 Qa1+ 52. Kb4 f5 53. Rc4 Qa2 54. Bc7 g6 55. Be5 Kh4 56. Rc7 Qd2+ 57. Kb5 Qd3+ 58. Ka4 Qd5 59. b4 {[%cal Bb3b4,Bb4b5][%mdl 32]} Kg4 60. a6 {Threatens to win with b5.} g5 61. Rg7 Kf3 62. Rxg5 {Hoping for b5.} Qd7+ $2 {[%mdl 8192]} (62... Qd1+ $11 63. Kb5 Qd3+ 64. Kb6 Qe3+ 65. Kc6 Qe4+ 66. Kc7 Qc4+ 67. Kb6 Qxb4+ 68. Kc7 Qc5+ 69. Kb7 Qb5+ 70. Ka7 Qc5+ 71. Ka8 Qc6+ 72. Ka7 Qc5+ 73. Kb7 Qb5+ 74. Ka7 Qc5+) 63. b5 $18 Qd1+ 64. Kb4 Qd2+ 65. Kc5 Ke4 66. Rg7 Qf2+ 67. Kc6 {White mates.} Qc2+ 68. Kb7 Qc5 69. b6 Qd5+ 70. Ka7 Qc5 71. Rc7 Qe3 72. Kb7 Qb3 73. a7 Qd5+ 74. Rc6 Qd7+ 75. Bc7 Kd5 76. Rd6+ {Accuracy: White = 65%, Black = 58%.} 1-0

[Event "Moscow-chW 2019"]
[Site "Moscow"]
[Date "2019.03.30"]
[Round "1.14"]
[White "Shevtsova, Stefania"]
[Black "Kirchei, Viktoriia"]
[Result "0-1"]
[WhiteElo "1684"]
[BlackElo "2086"]
[Annotator "NA RC"]
[PlyCount "70"]
[EventDate "2019.03.30"]
[EventType "swiss"]
[EventCountry "RUS"]
[SourceTitle "playchess.com"]
[Source "ChessBase"]
[SourceQuality "1"]
[TimeControl "5400+30"]

1. e4 c5 2. c3 Nf6 3. e5 Nd5 4. Bc4 Nb6 5. Bb3 d5 6. exd6 Qxd6 7. Na3 a6 8. Nf3 Nc6 9. d3 Bf5 10. Bc2 Rd8 11. Be3 e5 12. d4 cxd4 13. Bxf5 dxe3 14. fxe3 Qxd1+ 15. Rxd1 Rxd1+ 16. Kxd1 Bxa3 17. bxa3 Nc4 18. Ke2 Nxa3 19. Bc8 Na5 20. Nxe5 Ke7 21. Bg4 f6 22. Nf3 g6 23. Rd1 f5 24. Bh3 Nb5 25. Rd3 Rc8 26. Kd2 Nc4+ 27. Kc2 Nbd6 28. g4 Rc5 29. gxf5 gxf5 30. Nd2 Ne5 31. Rd4 Nb5 32. Rh4 Rxc3+ 33. Kd1 Kf6 34. e4 Rd3 35. Kc2 Rxd2+ 0-1

[Event "Moscow-chW 2019"]
[Site "Moscow"]
[Date "2019.03.30"]
[Round "1.15"]
[White "Afanasieva, Alexandra"]
[Black "Gaer, Margarita"]
[Result "1-0"]
[WhiteElo "2093"]
[BlackElo "1627"]
[Annotator "NA RC"]
[PlyCount "77"]
[EventDate "2019.03.30"]
[EventType "swiss"]
[EventCountry "RUS"]
[SourceTitle "playchess.com"]
[Source "ChessBase"]
[SourceQuality "1"]
[TimeControl "5400+30"]

1. e4 e6 2. d4 d5 3. Nc3 Nf6 4. Bg5 Be7 5. e5 Nfd7 6. h4 h6 7. Bxe7 Qxe7 8. Qd2 a6 9. f4 c5 10. dxc5 Nxc5 11. Nf3 Nc6 12. O-O-O b5 13. Bd3 Bb7 14. Kb1 O-O-O 15. Ne2 Qc7 16. Ned4 Qb6 17. Nxc6 Bxc6 18. Qe3 Nd7 19. Nd4 Kb8 20. Rh3 Rc8 21. h5 Bb7 22. Rg3 Rcg8 23. Rf1 f5 24. c3 Bc8 25. Bc2 Kb7 26. Qd2 Nf8 27. Bb3 g6 28. hxg6 Rxg6 29. Rxg6 Nxg6 30. g4 Re8 31. gxf5 exf5 32. Qg2 Ne7 33. Qg7 Qc5 34. Qxh6 Rg8 35. Bc2 Kb8 36. Qh7 Rf8 37. Qxe7 Qxe7 38. Nc6+ Kc7 39. Nxe7 1-0

[Event "Moscow-chW 2019"]
[Site "Moscow"]
[Date "2019.03.30"]
[Round "1.16"]
[White "Todua, Anastasia"]
[Black "Miroshnik, Ekaterina"]
[Result "0-1"]
[WhiteElo "1610"]
[BlackElo "2039"]
[Annotator "NA RC"]
[PlyCount "114"]
[EventDate "2019.03.30"]
[EventType "swiss"]
[EventCountry "RUS"]
[SourceTitle "playchess.com"]
[Source "ChessBase"]
[SourceQuality "1"]
[TimeControl "5400+30"]

1. e4 e6 2. d4 d5 3. exd5 exd5 4. Nf3 Nc6 5. Be2 Bd6 6. O-O Nge7 7. Bg5 O-O 8. Nc3 f6 9. Be3 a6 10. a4 Be6 11. Qd2 Nf5 12. Bf4 Bb4 13. Rfe1 Bf7 14. Rad1 Nd6 15. Bxd6 Bxd6 16. Na2 Ne7 17. Nc1 c6 18. Bd3 Qc7 19. h3 Ng6 20. Ne2 Rfe8 21. c3 Re7 22. Qc2 Rae8 23. b4 a5 24. bxa5 Qxa5 25. Ng3 Rxe1+ 26. Rxe1 Ra8 27. Nf5 Bf8 28. Qb3 Ra7 29. Bc2 b6 30. Re3 Nf4 31. Qb1 c5 32. N5h4 g6 33. g3 Nh5 34. Nh2 Rc7 35. Ng4 cxd4 36. cxd4 Qd2 37. Qxb6 Rxc2 38. Nf3 Qc1+ 39. Re1 Qa3 40. Nxf6+ Nxf6 41. Qxf6 Qxa4 42. Ng5 Rc7 43. Re3 Qc6 44. Qf4 Qd6 45. Qh4 h6 46. Nf3 Kg7 47. Ne5 Qf6 48. Qg4 h5 49. Qe2 Bd6 50. Rf3 Qe6 51. Kg2 Bxe5 52. dxe5 Re7 53. Re3 d4 54. Re4 Qd5 55. Kh2 d3 56. Qe3 d2 57. Rd4 d1=Q 0-1

[Event "Moscow-chW 2019"]
[Site "Moscow"]
[Date "2019.03.30"]
[Round "1.17"]
[White "Kasaeva, Sofiia"]
[Black "Komarova, Viktoria"]
[Result "1-0"]
[WhiteElo "1960"]
[BlackElo "1567"]
[Annotator "NA RC"]
[PlyCount "89"]
[EventDate "2019.03.30"]
[EventType "swiss"]
[EventCountry "RUS"]
[SourceTitle "playchess.com"]
[Source "ChessBase"]
[SourceQuality "1"]
[TimeControl "5400+30"]

1. e4 c5 2. Nf3 d6 3. d4 cxd4 4. Nxd4 Nf6 5. Nc3 Nc6 6. Bg5 Bd7 7. Qd2 Rc8 8. f4 Qb6 9. Nb3 Be6 10. O-O-O Ng4 11. f5 Bxb3 12. axb3 Qa5 13. Kb1 g6 14. h3 Nge5 15. f6 e6 16. Bh6 Bxh6 17. Qxh6 a6 18. Rxd6 Qc5 19. Rd2 Rd8 20. Rxd8+ Kxd8 21. Be2 Qf8 22. Qe3 Qb4 23. Rd1+ Kc7 24. Qh6 Qf8 25. Qf4 h6 26. Nd5+ Kb8 27. Ne7 Ka8 28. b4 Qb8 29. b5 Nxe7 30. fxe7 Re8 31. Rd8 Rxd8 32. exd8=Q Qxd8 33. Qxe5 Qd2 34. b6 Qd8 35. Qc7 Qb8 36. Qxf7 a5 37. Qxe6 Qd8 38. Bd3 Kb8 39. Qxg6 Qf8 40. e5 a4 41. e6 Kc8 42. Qf7 Qd8 43. e7 a3 44. Bf5+ Qd7 45. Qe8# 1-0

[Event "Moscow-chW 2019"]
[Site "Moscow"]
[Date "2019.03.30"]
[Round "1.18"]
[White "Putinceva, Marina"]
[Black "Danilova, Rada"]
[Result "1-0"]
[WhiteElo "1519"]
[BlackElo "1930"]
[Annotator "NA RC"]
[PlyCount "167"]
[EventDate "2019.03.30"]
[EventType "swiss"]
[EventCountry "RUS"]
[SourceTitle "playchess.com"]
[Source "ChessBase"]
[SourceQuality "1"]
[TimeControl "5400+30"]

1. e4 c5 2. Nf3 Nc6 3. d4 cxd4 4. Nxd4 e5 5. Nf5 d6 6. Ne3 Nf6 7. Nc3 Be7 8. Bc4 Be6 9. Ned5 Bxd5 10. Bxd5 O-O 11. O-O Qd7 12. f3 Nd4 13. a4 Bd8 14. Kh1 Ba5 15. Bg5 Ne8 16. Ne2 Ne6 17. Bh4 Rc8 18. c3 Bd8 19. Bxd8 Rxd8 20. Ng3 Nf4 21. Nf5 Kh8 22. Ne3 Nf6 23. Kg1 Qc7 24. Kh1 Qc5 25. Re1 b6 26. Qd2 N6xd5 27. Nxd5 Nxd5 28. Qxd5 Qf2 29. Qb3 f5 30. Rf1 Qh4 31. Qd5 Rf6 32. Rad1 Rh6 33. h3 Rf8 34. exf5 Qxa4 35. Ra1 Qd7 36. Rfe1 Qe7 37. f4 Rxf5 38. fxe5 Rf8 39. exd6 Qxd6 40. Qxd6 Rxd6 41. Rxa7 Rd2 42. Ree7 Rg8 43. b4 Rd6 44. Rec7 h6 45. Ra6 Re8 46. Rb7 Rc6 47. Raxb6 Re1+ 48. Kh2 Rxc3 49. Rg6 Rcc1 50. Rgxg7 Rh1+ 51. Kg3 Rc3+ 52. Kh4 Rd1 53. Rh7+ Kg8 54. Rhg7+ Kh8 55. Rg4 Rd5 56. Re4 Rc8 57. b5 Rd2 58. Rg4 Rb2 59. Rb6 Kh7 60. Rb7+ Kh8 61. b6 Rb5 62. Rg6 h5 63. Rg5 Rb4+ 64. Kxh5 Rb2 65. Rg4 Rc5+ 66. Kh4 Rbb5 67. Rd4 Rh5+ 68. Kg3 Rhg5+ 69. Kh2 Rb2 70. Rd8+ Rg8 71. Rxg8+ Kxg8 72. Rb8+ Kg7 73. b7 Rb3 74. h4 Kh7 75. g3 Kg7 76. Kh3 Rb4 77. h5 Kh7 78. g4 Rb3+ 79. Kh4 Rb5 80. h6 Rb1 81. g5 Rh1+ 82. Kg4 Rg1+ 83. Kf3 Rxg5 84. Rf8 1-0

[Event "Moscow-chW 2019"]
[Site "Moscow"]
[Date "2019.03.30"]
[Round "1.19"]
[White "Zaitseva, Lyudmila"]
[Black "Soblirova, Sabina"]
[Result "1-0"]
[WhiteElo "1926"]
[BlackElo "1516"]
[Annotator "NA RC"]
[PlyCount "69"]
[EventDate "2019.03.30"]
[EventType "swiss"]
[EventCountry "RUS"]
[SourceTitle "playchess.com"]
[Source "ChessBase"]
[SourceQuality "1"]
[TimeControl "5400+30"]

1. d4 Nf6 2. c4 c5 3. Nf3 g6 4. Nc3 Bg7 5. g3 cxd4 6. Nxd4 Nc6 7. Bg2 Qb6 8. Nb3 O-O 9. c5 Qa6 10. O-O Na5 11. Bf4 Nc4 12. Nd2 d5 13. Nxc4 dxc4 14. b4 Qa3 15. Nb5 Qxb4 16. Nc7 Nh5 17. Rb1 Qxc5 18. Rb5 Qa3 19. Nxa8 Nxf4 20. gxf4 Bh3 21. Nc7 Bxg2 22. Kxg2 Rc8 23. Rxb7 c3 24. Qd7 Rf8 25. Nd5 e6 26. Rxa7 Qb2 27. Ne3 Qxe2 28. a4 e5 29. fxe5 Bxe5 30. Qb5 Qh5 31. f4 Rd8 32. Qxe5 Rd2+ 33. Rf2 Rxf2+ 34. Kxf2 Qxh2+ 35. Ng2 1-0

[Event "Moscow-chW 2019"]
[Site "Moscow"]
[Date "2019.03.30"]
[Round "1.20"]
[White "Eremina, Viktoria"]
[Black "Strukova, Ksenia"]
[Result "0-1"]
[WhiteElo "1426"]
[BlackElo "1919"]
[Annotator "NA RC"]
[PlyCount "98"]
[EventDate "2019.03.30"]
[EventType "swiss"]
[EventCountry "RUS"]
[SourceTitle "playchess.com"]
[Source "ChessBase"]
[SourceQuality "1"]
[TimeControl "5400+30"]

1. d4 Nf6 2. Nf3 g6 3. Nc3 d5 4. Bf4 Bg7 5. e3 O-O 6. Be2 a6 7. h3 Nbd7 8. O-O c5 9. dxc5 Nxc5 10. Nd4 Re8 11. Bh2 b5 12. Nc6 Qb6 13. Ne5 Bb7 14. Bf3 Rad8 15. Ne2 Nfd7 16. Nxd7 Rxd7 17. c3 e5 18. Nc1 d4 19. Bxb7 dxc3 20. Qc2 cxb2 21. Rb1 bxc1=Q 22. Rfxc1 Nxb7 23. a4 b4 24. Qc4 a5 25. Qg4 Red8 26. Bg3 Nc5 27. Qc4 Nxa4 28. Bh4 Bf6 29. Bg3 Nc3 30. Rb2 Qe6 31. Qxe6 fxe6 32. Ra1 Rd1+ 33. Rxd1 Rxd1+ 34. Kh2 Rb1 35. Rd2 b3 36. Rd6 b2 37. Rb6 a4 38. Rb8+ Kf7 39. Rb7+ Ke8 40. Rb8+ Kd7 41. Rb7+ Kc6 42. Rb4 Kc5 43. Rb8 Nb5 44. Rc8+ Kb4 45. f3 Rc1 46. Rxc1 bxc1=Q 47. e4 Nd4 48. Bf2 Ne2 49. g3 Qf1 0-1